ბათუმის შოთა რუსთაველის სახელმწიფო უნივერსიტეტის ბიბლიოთეკა

ჩანაწერი Personal Name

ჩანაწერთა რაოდენობა, რომელიც გამოყენებულია: 2

001 - CONTROL NUMBER

  • control field: 19972

003 - CONTROL NUMBER IDENTIFIER

  • control field: GE_BSU

005 - DATE AND TIME OF LATEST TRANSACTION

  • control field: 20231002154918.0

008 - FIXED-LENGTH DATA ELEMENTS

  • fixed length control field: 231002|| aca||aabn | a|a d

040 ## - CATALOGING SOURCE

  • Original cataloging agency: GE_BSU
  • Transcribing agency: GE_BSU

100 ## - HEADING--PERSONAL NAME

  • Personal name: დიუმეზილი, ჟორჟ

670 ## - SOURCE DATA FOUND

  • Source citation: Work cat.: (GE_BSU)35867: დიუმეზილი, ჟორჟ, ლაზური ზღაპრები და გადმოცემები = Contes et recits Lazes /, 2009